Miroslav Lapuník: Počas hry sa už pravidlá nemenia

Rozhovor s generálnym riaditeľom Slovenského plynárenského priemyslu (SPP), Miroslavom Lapuníkom, o privatizácii podniku. Príprava podniku na privatizáciu. Problémy s Kerametalom. Otázka ceny plynu. Hospodárenie SPP. Preprava plynu, plynovody. Predpokladaný dátum oznámenia víťaza súťaže o podiel v S...

ver descrição completa

Na minha lista:
Detalhes bibliográficos
Autor principal: Hirman, Karel
Outros Autores: Vavřinek, Martin, Lapuník, Miroslav
Formato: Capítulo de Livro
Idioma:eslovaco
Assuntos:
Tags: Adicionar Tag
Sem tags, seja o primeiro a adicionar uma tag!

MARC

LEADER 00000naa a2200000 4500
001 r043211
005 20230921112313.1
041 0 |a slo 
044 |a SK 
245 1 0 |a Miroslav Lapuník: Počas hry sa už pravidlá nemenia  |c Karel Hirman, Martin Vavřinek, Miroslav Lapuník 
520 |a Rozhovor s generálnym riaditeľom Slovenského plynárenského priemyslu (SPP), Miroslavom Lapuníkom, o privatizácii podniku. Príprava podniku na privatizáciu. Problémy s Kerametalom. Otázka ceny plynu. Hospodárenie SPP. Preprava plynu, plynovody. Predpokladaný dátum oznámenia víťaza súťaže o podiel v SPP. 
610 2 0 |a priemysel plynárenský 
610 2 0 |a privatizácia 
610 2 0 |a plyn 
610 2 0 |a plynovody 
610 2 0 |a ceny 
610 2 0 |a Slovenský plynárenský priemysel, a.s. Bratislava 
100 1 |a Hirman, Karel 
700 1 |a Vavřinek, Martin 
700 1 |a Lapuník, Miroslav